Amazing grace : (Record no. 4466)

MARC details
000 -LEADER
fixed length control field 00734nam a2200193 a 4500
003 - CONTROL NUMBER IDENTIFIER
control field PILC
005 - DATE AND TIME OF LATEST TRANSACTION
control field 20241119132751.0
008 - FIXED-LENGTH DATA ELEMENTS--GENERAL INFORMATION
fixed length control field 071002s1948 xx 00 eng d
010 ## - LIBRARY OF CONGRESS CONTROL NUMBER
LC control number Acc#12032
040 ## - CATALOGING SOURCE
Transcribing agency Philippine Baptist Theological Seminary
050 ## - LIBRARY OF CONGRESS CALL NUMBER
Classification number BV 2848 .C92
Item number N485 1948
100 10 - MAIN ENTRY--PERSONAL NAME
Personal name Newton, Louie D.
245 10 - TITLE STATEMENT
Title Amazing grace :
Remainder of title the life of M. N. McCall, missionary to Cuba /
Statement of responsibility, etc. by Louie D. Newton.
260 0# - PUBLICATION, DISTRIBUTION, ETC (IMPRINT)
Place of publication, distribution, etc. Atlanta, GA :
Name of publisher, distributor, etc. Home Mission Board, SBC,
Date of publication, distribution, etc. c1948.
300 ## - PHYSICAL DESCRIPTION
Extent 92 p. ; 22 cm.
505 ## - FORMATTED CONTENTS NOTE
Formatted contents note Called to be a missionary -- The land to which he went -- Dr. McCall arrives in Cuba -- Four decades of achievement -- Called up higher --
650 ## - SUBJECT ADDED ENTRY--TOPICAL TERM
Topical term or geographic name as entry element MCCALL, MOSES NATHANIEL, 1874-1947
942 ## - ADDED ENTRY ELEMENTS (KOHA)
Koha item type Circulation Books
Source of classification or shelving scheme Library of Congress Classification
Holdings
Withdrawn status Lost status Source of classification or shelving scheme Damaged status Not for loan Home library Current library Shelving location Date acquired Cost, normal purchase price Total Checkouts Full call number Barcode Date last seen Price effective from Koha item type
    Dewey Decimal Classification     PBTS Library PBTS Library Circulation Section 10/02/2007 8.00   BV 2848 .C92 N485 1948 12032 03/18/2026 04/02/2015 Circulation Books
    Dewey Decimal Classification     PBTS Library PBTS Library Circulation Section 10/02/2007 8.00   BV 2848 .C92 N485 1948 15948 03/18/2026 04/02/2015 Circulation Books

Philippine Baptist Theological Seminary | 19 Tacay Road, Central Guisad, Baguio City 2600, Philippines